Human capital, technological progress and economic growth
Hospodársky rast v znalostnej ekonomike. Náklady zo štátneho rozpočtu SR na vedu, výskum, vývoj a inovácie. Konkurencieschopnosť slovenskej ekonomiky. Investície do výskumu a vývoja v krajinách V4.
Enregistré dans:
| Auteur principal: | |
|---|---|
| Format: | Chapitre de livre |
| Langue: | anglais |
| Sujets: | |
| Tags: |
Pas de tags, Soyez le premier à ajouter un tag!
|
MARC
| LEADER | 00000naa$a2200000$$$4500 | ||
|---|---|---|---|
| 001 | 0236779 | ||
| 005 | 20240712111925.8 | ||
| 041 | 0 | |a eng | |
| 044 | |a BG | ||
| 245 | 1 | 0 | |a Human capital, technological progress and economic growth |c Marta Martincová |
| 520 | |a Hospodársky rast v znalostnej ekonomike. Náklady zo štátneho rozpočtu SR na vedu, výskum, vývoj a inovácie. Konkurencieschopnosť slovenskej ekonomiky. Investície do výskumu a vývoja v krajinách V4. | ||
| 610 | 2 | 0 | |a ekonomika znalostná |
| 610 | 2 | 0 | |a kapitál ľudský |
| 610 | 2 | 0 | |a investície |
| 610 | 2 | 0 | |a veda |
| 610 | 2 | 0 | |a výskum |
| 610 | 2 | 0 | |a vývoj |
| 610 | 2 | 0 | |a inovácia |
| 610 | 2 | 0 | |a vzdelávanie |
| 100 | 1 | |a Martincová, Marta, 1955- | |